=LDR 00000nam 2200000 4500 =001 INLIS000000000035878 =005 20130612141713 =008 ***********************************Ind** =035 ##$$0010-061300000035878 =041 ##$$a Ind =082 ##$$a 520.7 =090 ##$$a 520.7, Mat =100 ##$$a Ananta, P =245 ##$$a Matematika 1, Untuk Kelas 1 SMP =260 ##$$a 1988 $b Jakarta =300 ##$$a 119 hlm, 22cm =850 ##$$a NBPNMAT